000 00809 a2200217 4500
005 20080901164651.0
008 080901t xxu||||| |||| 00| 0 eng d
010 _aENG-87493
020 _a9788131302927
_c395.00
035 _aEN-71026
037 _bDBAD / PUB
082 _a370.114
100 _aVenkataiah, N.
245 _aMoral education
_cby N. Venkataiah
260 _aNew Delhi
_bA P H Publishing
_c2007
270 _a4435-36/7, Ansari Road, Darya Ganj,
_bNew Delhi
_e110 002
300 _axv, 160p.
_c21cm (Hb )
500 _aIncludes bibliographical references
942 _adpl
_cEN
_k370.114 / VEN
_2ddc
_h370.114
_mVEN
999 _c6590
_d6590